000 00343nam a2200121Ia 4500
008 150202s9999 xx 000 0 und d
050 _aFIC
_bFIC
100 _aDavis-Hart, Duff.
245 4 _aThe heights of rimring /
_cDuff Davis-Hart.
260 _aGreat Britain :
_bJade Books,
_c1980.
300 _a332 pages :
_c18 cm.
650 _aFiction.
999 _c282081
_d282081